000 00723nam a22001935i 4500
001 54852
003 ES-MaACL
005 20231224062924.0
007 t|
008 940202s1854 sp ||||1| spa d
040 _aAR
_bspa
100 1 _aGallego, Juan Nicasio,
_d1777-1853
_953536
245 1 0 _aObras poéticas /
_cde Don Juan Nicasio Gallego, secretario perpetuo de la Real Academia Española, publicadas por la misma Academia.
260 _aMadrid :
_b[s.n.],
_c1854 (
_fImp. del Diccionario Universal del Derecho Español Constituído a cargo de J. de M. González)
300 _aXV, 281 p. ;
_c22 cm.
710 2 _aReal Academia Española
_96336
852 _aES-MaACL
_jF-10190
999 _c54852
_d54852